| 000 | 01267nam0a2200301 4500 | ||
|---|---|---|---|
| 001 | RU\NLR\bibl\900306 | ||
| 005 | 20250614175812.0 | ||
| 010 |
_a5-89172-010-8 _91000 |
||
| 021 |
_aRU _b2005-82215 _94060 |
||
| 035 | _a(NLR Aleph) 000888743 | ||
| 090 |
_a1704915 _c1704915 |
||
| 100 | _a20060125d2005 |||y0rusy50 ca | ||
| 101 | 0 | _arus | |
| 102 | _aRU | ||
| 105 | _ay ||||||||| | ||
| 200 | 1 |
_aКонцептуальные основы теории правовой деятельности _eмонография _fР.В. Шагиева _gГос. образоват. учреждение высш. проф. образования "Рос. правовая акад. М-ва юстиции Рос. Федерации" |
|
| 210 |
_aМосква _cРоссийская правовая академия МЮ РФ _d2005 |
||
| 215 |
_a95 с. _d21 |
||
| 320 | _aБиблиогр.: с. 87-94 | ||
| 606 | 1 |
_aПраво _xТеория _91132203 _3RU\NLR\auth\66130636 |
|
| 686 | _aХ0 | ||
| 700 | 1 |
_4070 _aШагиева _bР. В. _cд-р юрид. наук _f1955- _gРозалина Васильевна _9165374 _3RU\NLR\AUTH\770165420 |
|
| 801 | 0 |
_aRU _bNLR _c20060125 _grcr |
|
| 801 | 1 |
_aRU _bNLR _c20060125 |
|
| 942 | _cBOOK | ||
| 980 | _aNB | ||